000 00458nam a22001937a 4500
003 MPLRDC
005 20220104154050.0
008 210129b ||||| |||| 00| 0 eng d
020 _a962-451-040-7
082 _a857.63 QY v.7 c.3
100 _a琼瑶
245 _a潮声
_c
250 _a初版
260 _a
_b皇冠出版社
_c1991
300 _b
490 _a琼瑶全集. 7
650 _a短篇小说--别集
942 _cBK
_o857.63 QY v.7 c.3
999 _c53776
_d53766